w jakim województwie znajduje się ta "śmieszna" polska miejscowość? - Statystyki

Ogólne statystyki
  • Ten quiz został rozwiązany 24 razy
  • Średni wynik to 8 z 26
Statystyki odpowiedzi
Miejsce Województwo % Poprawnych
Moszna opolskie
70%
Cyców lubelskie
60%
Zimna Wódka opolskie
50%
Złe mięso pomorskie
50%
Kukuryki lubelskie
45%
Mała Wieś przy Drodze mazowieckie
45%
Ameryczka kujawsko-pomorskie
40%
Sucha Psina opolskie
35%
Niemyje-Ząbki podlaskie
35%
Zgon warmińsko-mazurskie
35%
Chójki wielkopolskie
35%
Wilcze Gardło śląskie
30%
Stolec zachodniopomorskie
30%
Zgniłe Błoto łódzkie
25%
Burdele małopolskie
25%
Lenie Wielkie kujawsko-pomorskie
20%
Żulinki lubelskie
20%
Nietoperek lubuskie
20%
Chotel Czerwony świętokrzyskie
20%
Ruchocice wielkopolskie
20%
Żuk Nowy podkarpackie
15%
Pupki podlaskie
15%
Kaczynos pomorskie
15%
Lisie Jamy świętokrzyskie
15%
Szyba lubuskie
10%
Smyraki małopolskie
10%
Nie znaleziono quizów pasujących do podanych kryteriów
Rozkład punktacji
Procent ludzi z każdym wynikiem
Percentyl według liczby udzielonych odpowiedzi
Twoja historia wyników
Nie rozwiązałeś tego quizu